Latidos del tiempo = Heartbeats of Time /
Ricardo Calero (España, 1955), escultor y creador de instalaciones, reflexiona en su obra sobre el papel del arte en la sociedad; Gervasio Sánchez (España, 1959) es fotorreportero y como tal ha recorrido el mundo para mostrar los horrores de las guerras que, con los pretextos más diversos, han ocurr...
保存先:
| 第一著者: | |
|---|---|
| その他の著者: | , |
| フォーマット: | 図書 |
| 言語: | スペイン語 |
| 出版事項: |
Zaragoza, España : Sevilla, España :
Ayuntamiento de Zaragoza ; Ayuntamiento de Sevilla,
2004, c2004
|
| 主題: | |
| タグ: |
タグなし, このレコードへの初めてのタグを付けませんか!
|
MARC
| LEADER | 00000nam^a2200000^a^4500 | ||
|---|---|---|---|
| 001 | 000182816 | ||
| 005 | 20250521000000.0 | ||
| 009 | 20260310102020.758 | ||
| 020 | |a 84-9801-020-9 | ||
| 037 | |a Acervo ITESO - Biblioteca | ||
| 041 | |a ESP | ||
| 082 | |a 709. 46 |b CAL SAN | ||
| 100 | |a Calero, Ricardo |e (autor) | ||
| 245 | 1 | 0 | |a Latidos del tiempo = |b Heartbeats of Time / |c R. Calero, G. Sánchez ; texto de J. Berger... [et al.] ; presen. de Alfredo Sánchez Monteseirin, Juan Alberto Belloch Julbe. |
| 264 | 4 | |a Zaragoza, España : |b Ayuntamiento de Zaragoza ; |a Sevilla, España : |b Ayuntamiento de Sevilla, |c 2004, c2004 | |
| 300 | |a 267 p. | ||
| 336 | |a texto |b txt |2 rdacontenido | ||
| 337 | |a sin mediación |b n |2 rdamedio | ||
| 338 | |a volumen |b nc |2 rdasoporte | ||
| 520 | |a Ricardo Calero (España, 1955), escultor y creador de instalaciones, reflexiona en su obra sobre el papel del arte en la sociedad; Gervasio Sánchez (España, 1959) es fotorreportero y como tal ha recorrido el mundo para mostrar los horrores de las guerras que, con los pretextos más diversos, han ocurrido en los últimos años, causando horror y desolación. La preocupación compartida del acontecer social fue plasmada en la exposición conjunta de Calero y Sánchez, presentada en Zaragoza de octubre a noviembre de 2004 y en Sevilla, de enero a febrero del año siguiente. Este es el catálogo de la muestra. | ||
| 546 | |a Edición bilingüe español-inglés | ||
| 649 | |a XX | ||
| 650 | |a Fotógrafos Españoles | ||
| 650 | |a Artistas Españoles | ||
| 650 | |a Museos y Galerías - |z Zaragoza, España - |x Exposiciones | ||
| 650 | |a Museos y Galerías - |z Madrid, España - |x Exposiciones | ||
| 650 | |a Guerra y Paz | ||
| 650 | |a Pobreza | ||
| 650 | |a Problemas Sociales | ||
| 650 | |a Vida Cotidiana | ||
| 650 | |a Instalaciones (Arte) | ||
| 650 | |a Fotoperiodismo | ||
| 650 | |a Fotografía y Sociedad | ||
| 650 | |a Fotografía Española - |y Siglo XX | ||
| 650 | |a Fotografía Española - |y Siglo XXI | ||
| 650 | |a Fotografía Española - |x Historia y Crítica | ||
| 650 | |a Fotografía Española - |x Exposiciones | ||
| 650 | |a Arte y Sociedad | ||
| 650 | |a Arte y Política | ||
| 650 | |a Arte Español - |y Siglo XX | ||
| 650 | |a Arte Español - |y Siglo XXI | ||
| 650 | |a Arte Español - |x Exposiciones | ||
| 650 | |a Calero, Ricardo | ||
| 650 | |a Sánchez, Gervasio | ||
| 700 | |a Sánchez, Gervasio |e (autor) | ||
| 700 | |a Berger, John |e (texto) | ||
| 910 | |a Fondo General | ||
| 920 | |a Impresos - Libros | ||
| 930 | |a Reserva Especial | ||
| 905 | |a 103 | ||
| 901 | |a 0500122569 |b IT1 |c REE |u 20250521 | ||
| 902 | |a https://opac.biblio.iteso.mx/vufind/Record/000182816 | ||